|
|
|
|
| LEADER |
00000nam0a2200000 4500 |
| 001 |
211190 |
| 005 |
20231101225650.0 |
| 010 |
|
|
|a 9785982989635
|
| 035 |
|
|
|a (RuTPU)RU\TPU\book\230674
|
| 090 |
|
|
|a 211190
|
| 100 |
|
|
|a 20120311d2011 m y0rusy50 ca
|
| 101 |
0 |
|
|a rus
|
| 102 |
|
|
|a RU
|
| 105 |
|
|
|a a j 001zy
|
| 200 |
1 |
|
|a Интегрированные системы идентификации
|e учебное пособие
|f В. Л. Сергеев
|g Национальный исследовательский Томский политехнический университет (ТПУ)
|
| 210 |
|
|
|a Томск
|c Изд-во ТПУ
|d 2011
|
| 215 |
|
|
|a 198 с.
|c ил.
|
| 320 |
|
|
|a Библиогр.: с. 169.
|
| 330 |
|
|
|a В пособии излагаются основы теории интегрированных систем идентификации с учетом дополнительной априорной информации, накопленного опыта и знаний. Приводятся примеры решения задач прогнозирования добычи нефти, оценки извлекаемых запасов месторождений углеводородов, идентификации и интерпретации результатов гидродинамических исследований скважин. Предназначено для студентов вузов, обучающихся по направлениям подготовки "Информатика и вычислительная техника" (552800; 654600), "Автоматизация и управление" (550200; 651900), а также может быть использовано для подготовки магистров по направлению 131000.00 "Нефтегазовое дело".
|
| 606 |
1 |
|
|a Автоматические системы управления
|x Идентификация
|2 stltpush
|3 (RuTPU)RU\TPU\subj\820
|9 29626
|
| 610 |
1 |
|
|a линейные интегрированные системы
|
| 610 |
1 |
|
|a нелинейные системы
|
| 610 |
1 |
|
|a непараметрические системы
|
| 610 |
1 |
|
|a качество
|
| 610 |
1 |
|
|a программное обеспечение
|
| 610 |
1 |
|
|a научно-технические задачи
|
| 610 |
1 |
|
|a решение
|
| 610 |
1 |
|
|a учебные пособия
|
| 610 |
1 |
|
|a труды учёных ТПУ
|
| 675 |
|
|
|a 681.51.015(075.8)
|v 3
|
| 700 |
|
1 |
|a Сергеев
|b В. Л.
|c российский геолог
|c профессор Томского политехнического университета, доктор технических наук
|f 1947-
|g Виктор Леонидович
|2 stltpush
|3 (RuTPU)RU\TPU\pers\26314
|
| 712 |
0 |
2 |
|a Национальный исследовательский Томский политехнический университет (ТПУ)
|c (2009- )
|2 stltpush
|3 (RuTPU)RU\TPU\col\15902
|
| 801 |
|
1 |
|a RU
|b 63413507
|c 20120311
|
| 801 |
|
2 |
|a RU
|b 63413507
|c 20120316
|g RCR
|
| 942 |
|
|
|c BK
|